000 00494nam a2200205Ia 4500
003 OSt
005 20221005133711.0
006 a|||||r|||| 00| 0
007 ta
008 221004b |||||||| |||| 00| 0 pan d
024 _a27737
037 _cTextual
040 _aCRL
_cCRL
_bpan
041 _2pan
_apan
082 _aY(XM2), 153L8
245 0 _aਸਮਾਜ ਦਾ ਭਵਿੱਖ
260 _c1978
942 _hY(XM2), 153L8
_cTEXL
_2cc
999 _c1067612
_d1067612